1695 1500 1194 1101 1502 1845 1425 1626 1341 1588 1678 1243 1671 1636 1174 1372 1518 1934 1073 1272 1860 1809 1875 1147 1448 1529 1279 1586 1085 1560 1021 1127 1804 1252 1095 1452 1641 1240 1697 1731 1124 1269 1032 1354 1078 1377 1847 1640 1566 1528 1416 1616 1242 1573 1245 1082 1565 1774 1208 1716 1042 1386 1598 1541 1918 1825 1049 1391 1298 1229 1269 1914 1664 1432 1815 1157 1242 1747 1570 1003 1356 1821 1270 1696 1177 1112 1237 1281 1713 1773 1863 1384 1474 1945 1418 1531 1777 1179 1564 BCNSPRNW ULIB Ver.6.0+V

เปลี่ยนเป็นภาษาไทย

Change to English
 แสดงรายละเอียดบรรณานุกรม
  กลับหน้าหลัก

Brief Record : Get Marc (ISO 2709) : E-mail record : QR code < ปิดหน้าต่าง
LEADER : 00000nam 2200000uu 4500
001    13399112743
003     ULIB
008    110908s2547||||th 000 0 tha d
020    9749210808
050  4 LB1028.5^bว865บ 2547
100 0  วุฒิชัย ประสารสอย
245 10 บทเรียนคอมพิวเตอร์ช่วยสอน :^bนวัตกรรมเพื่อการศึกษา /^cวุฒิชัย ประสารสอย, บรรณาธิการ
250    พิมพ์ครั้งที่ 2 (ปรับปรุงครั้งที่ 1)
260    กรุงเทพฯ :^bภาควิชาพยาบาลศาสตร์คณะแพทยศาสตร์โรงพยาบาลรามาธิบดี มหาวิทยาลัยมหิดล,^c2547
300    [5], 320 หน้า :^bภาพประกอบ; ^c22 ซม.
650  0 Computer^xAssisted instruction
650  4 คอมพิวเตอร์ช่วยสอน
710 2  มหาวิทยาลัยมหิดล. ^bคณะแพทยศาสตร์โรงพยาบาลรามาธิบดี.^bภาควิชาพยาบาลศาสตร์.
945    ^p250^l0^i026714
995    ทศพร
999 ^a ทศพร
รายการนี้ยังไม่มีแท็ก
คุณยังไม่ได้ล็อกอิน คุณสามารถมีกิจกรรมร่วมกับเว็บไซต์ได้ แต่ต้องล็อกอินก่อน ::
  ล็อกอิน

รายการสื่อสารสนเทศ

ลำดับที่ ประเภท เลขเรียก/บาร์โค้ด สถานที่ สถานะ
- ไม่พบข้อมูล -

รายการใกล้เคียง
    หัวเรื่อง [คอมพิวเตอร์ช่วยสอน]

BibComment


ยังไม่เคยถูกคอมเมนท์

คอมเมนท์ทรัพยากรรายการนี้
  คอมเมนท์: บทเรียนคอมพิวเตอร..


 Copyright 2026. Bcnsprnw @Library